Revista de Derecho Privado

Bibliographic Details
Format: eBook
Language:Spanish
Published: Bogot:̀ Universidad de Los Andes, 2008 -
Subjects:
Online Access:Acceso restringido

MARC

LEADER 00000nam a22000007a 4500
005 20140630170530.0
007 cr|||| ||||
008 140630c2008 co ||||ss|||| 0|||b1spa d
022 |a 1909-7794 
035 |a 12219 
040 |a vLex 
090 |c 5003  |d 5003 
245 0 0 |a Revista de Derecho Privado  |h [Recurso electrn̤ico] 
256 |a Servicio en ln̕ea 
260 |a Bogot:̀  |b Universidad de Los Andes,  |c 2008 - 
300 |a 1 recurso electrn̤ico 
310 |a Semestral 
506 0 1 |a Contenido solo disponible en los productos indicados  |d vLex Global  |d vLex Global (Academic Edition, excluding Law Schools)  |d vLex Global (U.S. Academic Edition, Law Schools)  |d vLex Global (U.S. Academic Edition, excluding Law Schools)  |d vLex Global (Academic Edition, Law Schools) 
650 0 4 |a Derecho Civil  |z Colombia 
740 0 4 |a vLex Revistas (Servicio en ln̕ea) 
856 4 0 |u http://vlex.com/source/revista-de-derecho-privado-12219  |z Acceso restringido 
942 |c REV 
999 0 |a Civil Law